[Event "Armenia Quindio-ch"]
[Site "Armenia"]
[Date "2024.06.16"]
[Round "4"]
[White "Restrepo, Jose Hector"]
[Black "Cuellar Sanchez, Matias"]
[Result "1-0"]
[WhiteElo "1648"]
[BlackElo "1586"]
[PlyCount "41"]
[EventDate "2024.06.15"]
[EventType "swiss"]
[EventRounds "6"]
[EventCountry "COL"]
[SourceTitle "CBM 220 Extra"]
[Source "ChessBase"]
[SourceDate "2024.07.31"]
[SourceVersion "1"]
[SourceVersionDate "2024.07.31"]
[SourceQuality "1"]

1. e4 c5 2. Nc3 Nc6 3. g3 g6 4. Bg2 Bg7 5. Nge2 e6 6. 0-0 Nge7 7. d3 0-0 8. Be3 d6 9. d4 cxd4 10. Nxd4 a6 11. Qd2 f5 12. exf5 Nxd4 13. Bxd4 Nxf5 14. Bxg7 Kxg7 15. Rad1 d5 16. Ne2 Nd6 17. c3 Bd7 18. Nf4 Rc8 19. Rfe1 Qf6 20. Bh3 Ne4 21. Rxe4 1-0